000 00502nam a2200181Ia 4500
001 19950
005 20260306172730.0
008 260306t2012||||xx |||||||||||||| ||spa||
041 _aESP
082 _a341.7
_bS23
100 _aSánchez-Bayón, Antonio
_eAUT
245 0 _aSistema de derecho comparado y global:
_bde las familias jurídicas mundiales al nuevo derecho común
260 _c2012
300 _a161 páginas :
_c21 cm.
650 _aGEN
654 _aCDE
942 _cLIB
_dJUS
_fJUS
_2ddc
_n
999 _c19950
_d19950